02380agaaa2200301 45000010005000000030009000050050017000140070009000310080040000400400023000800410013001031000050001161300012001662450203001782500022003812600141004033000033005445080248005775110093008255200825009185380016017435460013017596500059017727000052018317000062018837000064019457000069020097207IT-RoPAU20220918181223.0d cvaizq50131s9999||||xx ||| | || ||und|| aIT-RoPAUcIT-RoPAU aITALIANO aCostanzo SaveriogCodice regista SPICS: 58860 aPRIVATE aPRIVATEcProdotto da: Gianani Mario -- Sceneggiatura: Costanzo Saverio Cremonini Alessio Oashua Saied Costanzo Camilla -- Diretto da: Costanzo SaveriopPRIVATE (Rif. Codice opera principale : H7207) aEdizione Standard a(ITALIA)bISTITUTO LUCE - OFFSIDE - CYDONIA - RAICINEMA / Distribuzione: LIBRERIA ARIONg"2004 (1° ed.: 2007 ; Ed. Lingua Orig.: 2004)" aDVDbsonoro, col.c93 minuti a"Fotografia: Martinucci Luigi; Montaggio: Calvelli Francesca; Musica: Alter Ego; Sceneggiatura: Costanzo Saverio Cremonini Alessio Oashua Saied Costanzo Camilla; Scenografia: Fadida E. Amati L.; Soggetto: Costanzo Saverio -- Cremonini Alessio" a"Alsaying Marco; Hamzeh Sarah; Hasayen Amir; Emad Karem; Aly Hassan; Miller Lior; Bakri" a"LA CASA DELLA FAMIGLIA B. SI TROVA A META' STRADA TRA GLI INSEDIAMENTI ISRAELIANI E UN VILLAGGIO ARABO. I B., PALESTINESI, SONO PIUTTOSTO AGIATI E COLTI. MOHAMMAD, IL PADRE, E' PRESIDE SI UNA SCUOLA SECONDARIA E GRANDE APPASSIONATO DI LETTERATURA INGLESE. DOPO UNO SCONTRO A FUOCO, L'ESERCITO ISRAELIANO OCCUPA, PER RAGIONI DI SICUREZZA, IL SECONDO PIANO DELL'ABITAZIONE E CHIEDE ALLA FAMIGLIA DI LASCIARE LA CASA. MOHAMMED SI RIFIUTA, NON VUOLE ANDAR VIA. LA CASA E' IL CONFINE DELLA SUA DIGNITA', PERDERLA SIGNIFICHEREBBE CONSEGNARE PER SEMPRE SE' E LA SUA FAMIGLIA ALL'ODIO PER GLI ISRAELIANI. CONTENUTI EXTRA: BACKSTAGE NOT ONLY FOR A PIECE OF LAND CON SOTTOTITOLI; NOTEBIOGRAFICHE DEL REGISTA. DAVID DI DONATELLO X MIGLIOR REGISTA ESORDIENTE. VINCITORE DI VARI PREMI. CONFLITTO ISRAELO-PALESTINESE. ODIO RAZZIALE." aPAL, STEREO aITALIANO aDRAMMATICOeDVD-FILM [DVD]xCodice MATERIA SPICS: 9947 aAlter Egoe(musica)gCodice Musica SPICS: 58862 aCostanzo Saverio e(regista)gCodice regista SPICS: 58860 aCostanzo Saverio e(soggetto)gCodice Soggetto SPICS: 58860 aCremonini Alessio e(soggetto)gCodice Soggetto 2° SPICS: 58861